[Event "PRO League KO Stage 2019"]
[Site "chess.com INT"]
[Date "2019.05.06"]
[Round "4"]
[White "Kollars, Dmitrij"]
[Black "Theodorou, Nikolas"]
[Result "1-0"]
[WhiteTitle "GM"]
[BlackTitle "IM"]
[WhiteElo "2564"]
[BlackElo "2551"]
[WhiteTeam "Baden-Baden Snowballs"]
[BlackTeam "Saint Louis Arch Bishops"]
[WhiteFideId "12909572"]
[BlackFideId "4262875"]
[EventDate "2019.03.19"]

1. e4 e5 2. Nf3 Nc6 3. Bc4 Nf6 4. d3 Bc5 5. c3 a6 6. O-O Ba7 7. Nbd2 d6 8. Bb3
O-O 9. h3 h6 10. Re1 Be6 11. Nf1 Bxb3 12. Qxb3 Qd7 13. Ng3 Ne7 14. d4 Ng6 15.
Be3 Qb5 16. Qc2 Rfe8 17. a4 Qc6 18. d5 Qd7 19. Bxa7 Rxa7 20. a5 Raa8 21. c4 c6
22. dxc6 Qxc6 23. Rad1 Rac8 24. b3 d5 25. exd5 Nxd5 26. Nf5 Ndf4 27. Qe4 Qxe4
28. Rxe4 Red8 29. Rd6 f6 30. h4 Rxd6 31. Nxd6 Rc7 32. b4 Nd3 33. c5 Ne7 34. Ne1
Nf4 35. g3 Nfd5 36. Nc2 Nc8 37. Nc4 Nce7 38. h5 Nc6 39. Nb6 Nxb6 40. axb6 Rd7
41. Ne3 Kf7 42. Nf5 Ke6 43. g4 Rd1+ 44. Kg2 Rb1 45. Nxg7+ Kd5 46. f3 Nxb4 47.
Ne8 Nd3 48. Nxf6+ Ke6 49. Ng8 Nf4+ 50. Kf2 Rb2+ 51. Kf1 Rb1+ 52. Kf2 Rb2+ 53.
Ke1 Nd3+ 54. Kf1 Rf2+ 55. Kg1 Rxf3 56. c6 Nc5 57. cxb7 Rf8 58. Rc4 Nxb7 59. Nxh6
Kd5 60. Rc7 Nd6 61. b7 Rb8 62. Nf5 Nxb7 63. h6 Nc5 64. h7 Ne6 65. Rd7+ Ke4 66.
Nd6+ Kf3 67. Nf7 Rb1+ 68. Kh2 Rb2+ 69. Kh3 Nf4+ 70. Kh4 Rh2+ 71. Kg5 Rxh7 72.
Nxe5+ Ke4 73. Rxh7 Kxe5 74. Ra7 Ne6+ 75. Kh4 Nc5 76. Kh5 Kd5 77. g5 Kc6 78. g6
Kb6 79. Re7 1-0

[Event "PRO League KO Stage 2019"]
[Site "chess.com INT"]
[Date "2019.05.06"]
[Round "4"]
[White "Agrest, Inna"]
[Black "Proleiko, Julian"]
[Result "0-1"]
[WhiteTitle "WIM"]
[WhiteElo "2265"]
[BlackElo "2153"]
[WhiteTeam "Baden-Baden Snowballs"]
[BlackTeam "Saint Louis Arch Bishops"]
[WhiteFideId "1708830"]
[BlackFideId "30900255"]
[EventDate "2019.03.19"]

1. e4 c6 2. d4 d5 3. f3 g6 4. c3 Bg7 5. Be3 dxe4 6. fxe4 Nf6 7. e5 Nd5 8. Bf2 c5
9. Nf3 Nc6 10. Bc4 O-O 11. O-O cxd4 12. cxd4 Bg4 13. Nc3 Bxf3 14. Qxf3 Nb6 15.
Qd3 Rc8 16. Bb5 Nb4 17. Qb1 N4d5 18. Qe1 a6 19. Be2 Nc4 20. Bxc4 Rxc4 21. Rc1
Nxc3 22. Rxc3 Qd5 23. Qe3 Rfc8 24. Rfc1 b5 25. b3 Rxc3 26. Rxc3 Qb7 27. Qc1 Rxc3
28. Qxc3 e6 29. h3 h5 30. Bh4 Qe4 31. Qc8+ Kh7 32. Qd8 Qe3+ 33. Bf2 Qc1+ 34. Kh2
Qf4+ 35. Bg3 Qf5 36. Qe7 g5 37. h4 Kg6 38. Qd8 Qg4 39. Qe7 Qf5 40. Qd8 Qg4 41.
d5 gxh4 42. Qxh4 Qxh4+ 43. Bxh4 Bxe5+ 44. Kg1 exd5 45. Kf2 Kf5 46. Ke3 Bc3 47.
Kd3 d4 48. Bf2 Kg4 49. a4 f5 50. Ke2 f4 51. Kd3 h4 52. Ke2 Bb2 53. axb5 axb5 54.
Be1 h3 55. gxh3+ Kxh3 56. Kf3 Bc1 57. Bf2 Be3 58. Be1 d3 59. b4 d2 60. Bxd2 Bxd2
61. Kf2 Kg4 62. Kg2 Be3 63. Kf1 Kf3 64. Ke1 Kg2 0-1

[Event "PRO League KO Stage 2019"]
[Site "chess.com INT"]
[Date "2019.05.06"]
[Round "4"]
[White "Bok, Benjamin"]
[Black "Donchenko, Alexander"]
[Result "0-1"]
[WhiteTitle "GM"]
[BlackTitle "GM"]
[WhiteElo "2638"]
[BlackElo "2593"]
[WhiteTeam "Saint Louis Arch Bishops"]
[BlackTeam "Baden-Baden Snowballs"]
[WhiteFideId "1017063"]
[BlackFideId "24603295"]
[EventDate "2019.03.19"]

1. Nf3 g6 2. d4 Bg7 3. c4 Nf6 4. g3 b6 5. Bg2 Bb7 6. O-O O-O 7. d5 e6 8. Nc3
exd5 9. cxd5 Re8 10. Nd4 Na6 11. e4 Nc5 12. Bg5 h6 13. Bxf6 Qxf6 14. Ndb5 Rec8
15. d6 c6 16. Nc7 Rab8 17. Re1 Qe5 18. f4 Qd4+ 19. Qxd4 Bxd4+ 20. Kf1 Na6 21.
Rad1 Bc5 22. Bh3 Nxc7 23. dxc7 Rxc7 24. Bxd7 Rd8 25. Bg4 Rd4 26. e5 h5 27. Bf3
Rcd7 28. Rd3 Rxd3 0-1

[Event "PRO League KO Stage 2019"]
[Site "chess.com INT"]
[Date "2019.05.06"]
[Round "4"]
[White "Caruana, Fabiano"]
[Black "Meier, Georg"]
[Result "1-0"]
[WhiteTitle "GM"]
[BlackTitle "GM"]
[WhiteElo "2828"]
[BlackElo "2621"]
[WhiteTeam "Saint Louis Arch Bishops"]
[BlackTeam "Baden-Baden Snowballs"]
[WhiteFideId "2020009"]
[BlackFideId "4675789"]
[EventDate "2019.03.19"]

1. c4 b6 2. d4 e6 3. e4 Bb7 4. Nc3 Bb4 5. f3 Ne7 6. Bd3 Nbc6 7. Ne2 Bxc3+ 8.
bxc3 Na5 9. O-O Ba6 10. c5 Bxd3 11. Qxd3 d6 12. Rd1 O-O 13. Bf4 Qd7 14. c4 Rfd8
15. cxd6 cxd6 16. Bd2 Qa4 17. Bxa5 Qxa5 18. a4 Rac8 19. Rdb1 Nc6 20. Rb5 Qa6 21.
h3 Na5 22. Rc1 Qb7 23. Ng3 Qe7 24. Kh2 Rc7 25. Nf1 Rdc8 26. Ne3 Qf6 27. Rc2 Qf4+
28. Kg1 g6 29. Qe2 h5 30. Rb1 Nc6 31. Qd3 a5 32. Rd2 Nb4 33. Qe2 Kf8 34. Rbd1
Kg8 35. Qf2 Kf8 36. g3 Qf6 37. f4 Kg8 38. g4 hxg4 39. hxg4 g5 40. f5 Kg7 41. Qg3
e5 42. dxe5 Qxe5 43. f6+ Kg8 44. Qh3 Qxe4 45. Rh2 1-0